000 00249nam a22001217a 4500
008 171127b xxu||||| |||| 00| 0 eng d
041 _aeng
080 _a7
100 _a44
101 _aART
245 _aOTTO STARK
_cYASSIN, R.A
942 _2udc
_cBK
999 _c38592
_d38592